| 000 | 00864nam a2200205 4500 | ||
|---|---|---|---|
| 999 |
_c193803 _d193803 |
||
| 005 | 20230127124005.0 | ||
| 010 | _aB-747193-202 E.N.A./7.11.22 | ||
| 020 |
_a9789352837564 _c525.00 |
||
| 035 | _aB-747193-202 | ||
| 037 | _bAKPD | ||
| 082 | _a480 | ||
| 100 | _aWren | ||
| 245 |
_aEnglish for Competitive Examinations: _bIncludes Descriptive and Objective Tests/ _cWren & Martin |
||
| 260 |
_aNew Delhi _bS Chand And Company Limited _c2021 |
||
| 270 |
_aBlock, B-1, House No. D-1, Ground Floor, Mohan Co-operative Industrial Estate, _bNew Delhi _e110044 |
||
| 300 |
_a609p. _c27cm(pbk) |
||
| 700 | _aMartin | ||
| 942 |
_2ddc _cEN _mWRE _h480 |
||